| 000 | 00373nem a22001577a 4500 | ||
|---|---|---|---|
| 005 | 20250113141233.0 | ||
| 008 | 190722b xxu||||| |||| 00| 0 spa d | ||
| 041 | _aESP/ENG | ||
| 082 | _aMapas turísticos | ||
| 245 | _aMapa turístico | ||
| 260 | _aCosta Rica | ||
| 650 | _aMATERIAL DIDÁCTICO | ||
| 650 | _aCOSTA RICA | ||
| 650 | _aMAPA TURÍSTICO | ||
| 942 |
_cMP _2ddc |
||
| 999 |
_c12186 _d12186 |
||